| 000 | 01139nam a22002777a 4500 | ||
|---|---|---|---|
| 003 | OSt | ||
| 005 | 20251016173355.0 | ||
| 008 | 240201b ||||| |||| 00| 0 eng d | ||
| 040 | _c0 | ||
| 082 | _aDPer 621.317 Ie21 January 2022 v. 37 n. 1 | ||
| 100 |
_aLiu, Yonglu. _eauthor. _951050 |
||
| 245 |
_aPeak and valley current control for cuk PFC converter to reduce capacitance / _cYonglu Liu, Haojie Zhang, Hui Wang, Hanbing Dan, Mei Su, and Xiaogang Pan. |
||
| 260 |
_aNew York ; _bThe Institute of Electrical and Electronics Engineers, Inc. , _cJanuary 2022. |
||
| 300 |
_aVolume 37, pages 313-321 : _billustration ; _c28 cm. |
||
| 500 | _aIEEE Transactions on Power Electronics, v. 37, n. 1, pages 313-321, January 2022. | ||
| 650 |
_aElectronics. _957048 |
||
| 650 |
_aElectric controllers. _911715 |
||
| 650 | 0 |
_aDC-DC power converters. _965746 |
|
| 700 |
_aLiu, Yonglu. _eauthor. _951050 |
||
| 700 |
_aZhang, Haojie. _eauthor. _951051 |
||
| 700 |
_aWang, Hui. _eauthor. _951052 |
||
| 700 |
_aDan, Hanbing. _eauthor. _951053 |
||
| 700 |
_aSu, Mei. _eauthor. _951054 |
||
| 700 |
_aPan, Xiaogang. _eauthor. _951055 |
||
| 942 |
_2ddc _cPER |
||
| 999 |
_c18845 _d18845 |
||